000 00617nam a22002057a 4500
999 _c442636
_d442636
003 UA-OsUOA
005 20191029113913.0
008 191029b un ||||| |||| 00| 0 ukr d
040 _aUA-OsUOA
_bukr
_cUA-OsUOA
_dUA-OsUOA
041 _aukr
080 _a821.161.1
090 _a821.161.1
_bП56
100 _aПономарев М. И
245 _aДважды рожденная
_cМ. И. Пономарев, С. Б. Скороходов
260 _aАлматы
_bОбелиск
_c1993
300 _a448 с.
700 1 _aПономарев М., Скороходов С
942 _2udc
_cBK
955 _a3